000
00316nam a2200121 a 4500
005
20140414131904.0
008
100922s19uu xx 00 eng d
050
_a
FIC
_b
M17 2001
100
_a
McGoverm, Ann
245
_a
Robinhood of sherwood forest.
260
_a
New York :
_b
Scholastic ,
_c
2001.
999
_c
110807
_d
110807